Statistics for Florida Pro Sport Teams

Click here to take the quiz!

General Stats

  • This quiz has been taken 55 times
  • The average score is 8 of 9

Answer Stats

Hint Answer % Correct
NBAMiami Heat
98%
NFLMiami Dolphins
98%
MLBMiami Marlins
96%
NBAOrlando Magic
96%
NFLTampa Bay Buccaneers
96%
NFLJacksonville Jaguars
94%
MLBTampa Bay Rays
90%
NHLTampa Bay Lightning
84%
NHLFlorida Panthers
75%

Score Distribution

Percentile by Number Answered

Percent of People with Each Score

Your Score History

You have not taken this quiz